000 00526nam a2200181Ia 4500
008 100920s9999 xx 000 0 und d
082 _b83033
_a24 न 02
100 _aकेकतपुरे माला.
245 _aसांजवात.
260 _bसुशिल प्रकाशन , पुणे.
_c2002
300 _a156
_bसाधी
365 _b150
520 _aसायो.
630 _aसांजवात.
650 _aसायो.
730 _aसांजवात.
942 _cBOOK
999 _c723679
_d723676